Les meilleurs buteurs de Ligue 1 depuis 2000 - Statistiques

Statistiques générales
  • Ce quiz a été pris 267 fois
    48 depuis la dernière actualisation
  • Le résultat moyen est 18 sur 25
Statistiques - réponses
Saison Joueur Club % Correct
2023-2024 Kylian Mbappe Paris Saint-Germain 27
98%
2022-2023 Kylian Mbappe Paris Saint-Germain 29
98%
2021-2022 Kylian Mbappe Paris Saint-Germain 28
98%
2020-2021 Kylian Mbappe Paris Saint-Germain 27
98%
2019-2020 Kylian Mbappe Paris Saint-Germain 18
98%
2018-2019 Kylian Mbappe Paris Saint-Germain 33
98%
2017-2018 Edinson Cavani Paris Saint-Germain 28
93%
2016-2017 Edinson Cavani Paris Saint-Germain 35
93%
2014-2015 Alexandre Lacazette Olympique Lyonnais 27
91%
2015-2016 Zlatan Ibrahimović Paris Saint-Germain 38
86%
2013-2014 Zlatan Ibrahimović Paris Saint-Germain 26
86%
2012-2013 Zlatan Ibrahimović Paris Saint-Germain 30
86%
2011-2012 Olivier Giroud Montpellier HSC 21
82%
2007-2008 Karim Benzema Olympique lyonnais 20
70%
2006-2007 Pauleta Paris Saint-Germain 15
68%
2005-2006 Pauleta Paris Saint-Germain 21
68%
2008-2009 André-Pierre Gignac Toulouse FC 24
59%
2003-2004 Djibril Cissé AJ Auxerre 16
50%
2001-2002 Djibril Cissé AJ Auxerre 22
50%
2009-2010 Mamadou Niang Olympique de Marseille 18
48%
2010-2011 Moussa Sow LOSC Lille 25
43%
2000-2001 Sonny Anderson Olympique lyonnais 22
34%
1999-2000 Sonny Anderson Olympique lyonnais 23
34%
2004-2005 Alexander Frei Stade rennais 20
30%
2002-2003 Shabani Nonda AS Monaco 16
18%
Aucun quiz correspondant
Distribution des résultats
% des personnes avec chaque résultat
Percentile par nombre de réponses
Votre historique - résultats
Vous n’avez pas pris ce quiz depuis la dernière actualisation